[Event "Pardubice Czech op-C 30th"]
[Site "Pardubice"]
[Date "2019.07.27"]
[Round "9"]
[White "Sill, Olaf"]
[Black "Novotny, Josef1111"]
[Result "0-1"]
[WhiteElo "1741"]
[BlackElo "2020"]
[PlyCount "114"]
[EventDate "2019.07.20"]
[EventType "swiss"]
[EventRounds "9"]
[EventCountry "CZE"]
[SourceTitle "EXT 2020"]
[Source "ChessBase"]
[SourceDate "2019.10.17"]
[SourceVersion "1"]
[SourceVersionDate "2019.10.17"]
[SourceQuality "1"]

1. d4 e6 2. Nf3 d6 3. e4 Nf6 4. Bd3 g6 5. 0-0 Nc6 6. c3 Bg7 7. Bg5 h6 8. Bh4 g5 9. Bg3 Nh5 10. d5 Nxg3 11. fxg3 Ne5 12. Nxe5 Bxe5 13. Qh5 Qe7 14. Na3 Bg7 15. Bb5+ c6 16. dxc6 0-0 17. cxb7 Bxb7 18. Bd3 Rab8 19. Kh1 Bc6 20. Rab1 Be8 21. Qe2 f6 22. Nc4 Bf7 23. Ne3 Be8 24. Bc4 Kh8 25. Nc2 Bd7 26. Nd4 Rb6 27. Qg4 Re8 28. Bb3 a5 29. h4 a4 30. Bc2 Reb8 31. hxg5 fxg5 32. b3 a3 33. Rbd1 Rc8 34. c4 Bxd4 35. Rxd4 e5 36. Qh5 exd4 37. Rf7 Qe6 38. e5 Be8 39. Bg6 Bxf7 40. Bxf7 Qf5 41. Bg6 Qf1+ 42. Kh2 Qf8 43. e6 Rc7 44. Bf7 Qg7 45. Qf3 Rb8 46. Qd5 Qe5 47. Qf3 Rf8 48. Qh5 Qg7 49. Qe2 Rcxf7 50. exf7 Qxf7 51. Qe4 Qf6 52. b4 Qe5 53. Qg6 Rf6 54. Qd3 h5 55. Qxa3 h4 56. Kh3 Qe6+ 57. g4 Qe3+ 0-1